[Event "Beijing Sportaccord Basque"]
[Site "Beijing"]
[Date "2013.12.17"]
[Round "1.1"]
[White "Leko, Peter"]
[Black "Karjakin, Sergey"]
[Result "0-1"]
[WhiteElo "2730"]
[BlackElo "2756"]
[Annotator "Ramirez Alvarez,A"]
[PlyCount "118"]
[EventDate "2013.12.17"]
[EventType "swiss (rapid)"]
[EventRounds "5"]
[EventCountry "CHN"]
[SourceTitle "CBM 158"]
[Source "ChessBase"]
[SourceDate "2014.01.16"]
[SourceVersion "1"]
[SourceVersionDate "2014.01.16"]
[SourceQuality "1"]

1. Nf3 c5 2. c4 Nc6 3. Nc3 e5 4. g3 g6 5. Bg2 Bg7 6. O-O d6 7. a3 Nge7 8. Rb1
a5 9. Ne1 Be6 10. Nd5 Rb8 11. d3 O-O 12. Bg5 f6 13. Bd2 b5 14. Nxe7+ Nxe7 15.
cxb5 Rxb5 16. b4 cxb4 17. axb4 axb4 18. Rxb4 Rxb4 19. Bxb4 Qb6 20. Qd2 Nd5 21.
Ba5 Qa7 22. Nc2 Rc8 23. Na3 Bh6 24. Nb5 Bxd2 25. Nxa7 Rc2 26. Bxd2 Rxd2 27. Nb5
Ne7 28. Bf3 d5 29. Rc1 Bh3 30. Nc3 Kg7 31. Rd1 Rxd1+ 32. Nxd1 d4 33. Bg2 Bg4
34. Kf1 Kf7 35. Ke1 Bd7 36. e3 Ke6 37. exd4 exd4 38. Nb2 Kd6 39. Nc4+ Kc5 40.
Kd2 Be6 41. Na5 Kb6 {At this moment the players have reached the 29th move in
the other game. Leko has a difficult position here as his knight doesn't have
a lot of good choices.} 42. Nc4+ (42. Nb7 $1 {Hodls the draw as the knight
cannot actually be caught.} Nf5 43. Nd8 Bd7 44. Bd5 $11) 42... Bxc4 43. dxc4
Kc5 {Now the weakness of c4 is tangible and the knight is far superior to the
bishop, which has no targets.} 44. Kd3 g5 {With the knight jump to e5 coming
it is impossible to protect the pawn. White must resort to finding some
resource.} 45. Be4 $6 (45. Bf1 $1 {Can someone be blamed for not finding this
move in a rapid game, let alone one in which you are sharing the attention
with another rapid game?!} Ng6 46. Ke4 Ne5 47. h4 $1 gxh4 48. gxh4 Nxc4 49. Kf5
{and the game will surely end in a draw.}) 45... f5 46. Bb7 Ng6 47. Bc8 Ne5+
48. Ke2 $2 {The decisive mistake.} (48. Kd2 f4 (48... Nxc4+ 49. Ke2 f4 50. gxf4
gxf4 51. Kd3 {is similar.}) 49. gxf4 gxf4 50. h3 Kxc4 51. Be6+ Kc5 52. Bg8 {
and making progress is not trivial.}) 48... f4 (48... d3+ $1 {was even more
accurate.} 49. Ke3 f4+ $1) 49. gxf4 gxf4 50. Be6 d3+ 51. Kd2 Kd4 {Now White is
completely lost, he has no good answer against Nf3+} 52. c5 (52. h3 Nxc4+ $19)
52... Nf3+ (52... Kxc5 $2 53. Kc3 {is not the way to go.}) 53. Kd1 Kxc5 54. Bf5
Kd4 55. Bxh7 Nxh2 56. Bf5 Nf3 57. Bg4 Ng5 58. Bf5 Ne4 59. f3 Nd6 {the win from
now on is very simple, so Leko resigned. Let's see what was happening in the
other game in the meantime.} 0-1

[Event "Beijing Sportaccord Basque"]
[Site "Beijing"]
[Date "2013.12.17"]
[Round "1.2"]
[White "Karjakin, Sergey"]
[Black "Leko, Peter"]
[Result "1-0"]
[WhiteElo "2756"]
[BlackElo "2730"]
[Annotator "Ramirez Alvarez,A"]
[PlyCount "133"]
[EventDate "2013.12.17"]
[EventType "swiss (rapid)"]
[EventRounds "5"]
[EventCountry "CHN"]
[SourceTitle "CBM 158"]
[Source "ChessBase"]
[SourceDate "2014.01.16"]
[SourceVersion "1"]
[SourceVersionDate "2014.01.16"]
[SourceQuality "1"]

1. d4 Nf6 2. Nf3 e6 3. Bf4 c5 4. e3 b6 5. Nbd2 Bb7 6. Bd3 Be7 7. h3 O-O 8. c3
cxd4 9. exd4 d6 10. O-O Nbd7 11. Re1 Qc7 12. c4 Rfe8 13. Rc1 Rac8 14. Nb1 Bf8
15. Bh2 Qb8 16. Nc3 a6 17. b4 Qa8 18. a3 g6 19. Bf1 Nh5 20. Nd2 Ndf6 21. Qe2 e5
22. dxe5 dxe5 23. Qe3 Re6 24. Rcd1 a5 25. Rb1 axb4 26. axb4 Rce8 27. Nde4 Nxe4
28. Nxe4 Nf4 29. c5 {This is the position in which Leko started to go wrong in
the other game. Time pressure, and the pressure of finding himself in a lost
position in the other board, started to take its toll on this one.} bxc5 30.
Ra1 Qc8 31. Nxc5 Bxc5 32. bxc5 Qc6 33. f3 {White has comfortably improved his
position and holds a nice edge. Things just go downhill for Leko from now.} Nd5
34. Qf2 Nf4 35. Rab1 Qc7 36. Bxf4 exf4 37. Rxe6 Rxe6 38. Qd4 Re8 39. Rb6 Bc6
40. Bc4 {With completely board control and a nice passed pawn, it seems that
Karjakin has everything under control. And yet here Leko has a surprising
resource that would have changed the game.} Rc8 (40... Rd8 $1 {Would Leko have
found this in a classical game? in a normal rapid? only speculation can answer
that.} 41. Qf6 (41. Rxc6 Rxd4 42. Rxc7 Rxc4 {is an easy draw.}) (41. Bxf7+ Kxf7
42. Rxc6 Qxc6 $1 43. Qxd8 Qxc5+ {is also an easy draw.}) (41. Qc3 Bxf3 $1 {
is the point.} 42. Bxf7+ {otherwise Qc5+ is too strong.} Qxf7 43. Qxf3 $11)
41... Bd5 $1 {is no good for White.}) 41. Ba6 {Now Black is helpless.} Re8 42.
Kh2 Ra8 43. Qb4 (43. h4 {was more direct, with the intention of Qd6 at some
point.}) 43... Be8 44. Rd6 Rb8 45. Qd4 Ra8 46. Qe5 Qa7 47. Rb6 Qd7 48. c6 Qa7
49. Qc5 Qc7 50. Bc4 Rc8 51. Bd5 Qd8 52. Be4 Qh4 53. Rb1 Qd8 54. Ra1 Qf6 55. Rd1
Rc7 56. Qb6 Qe7 57. Ra1 Rc8 58. Qa6 Rc7 59. Rb1 Qg5 60. Qa8 Kf8 61. Kh1 Qh4 62.
Qa1 Kg8 63. Qe5 Rc8 64. Qd6 Qf2 65. c7 Qe2 66. Kh2 Qc4 67. Rb8 {Many
inaccuracies in this game, but finally Karjakin wins a piece and Leko resigns
again.} 1-0

[Event "Beijing Sportaccord Basque"]
[Site "Beijing"]
[Date "2013.12.18"]
[Round "4.1"]
[White "Le, Quang Liem"]
[Black "Karjakin, Sergey"]
[Result "0-1"]
[WhiteElo "2703"]
[BlackElo "2756"]
[PlyCount "106"]
[EventDate "2013.12.17"]
[EventType "swiss (rapid)"]
[EventRounds "5"]
[EventCountry "CHN"]
[SourceTitle "CBM 158"]
[Source "ChessBase"]
[SourceDate "2014.01.16"]
[SourceVersion "1"]
[SourceVersionDate "2014.01.16"]
[SourceQuality "1"]

1. d4 Nf6 2. c4 e6 3. Nc3 Bb4 4. e3 O-O 5. Nge2 d5 6. a3 Be7 7. cxd5 exd5 8.
Nf4 c6 9. Bd3 Na6 10. O-O Nc7 11. Bd2 Ne6 12. Nfe2 a5 13. Rc1 Ne8 14. f3 f5 15.
Kh1 Nd6 16. Qc2 Bf6 17. Be1 Bg5 18. Bf2 g6 19. Rcd1 Nc7 20. Nf4 Ne6 21. Nfe2
Nc7 22. Rfe1 Re8 23. Nc1 Be6 24. Bg3 Bh4 25. Qf2 Bxg3 26. Qxg3 Bf7 27. h3 Qf6
28. Qf2 Re7 29. Re2 Rae8 30. Rde1 Ne6 31. f4 Ne4 32. Qf3 Kh8 33. Bc2 g5 34. Nd3
g4 35. hxg4 fxg4 36. Qxg4 Rg8 37. Qh3 Ng3+ 38. Kg1 Nxe2+ 39. Rxe2 Bg6 40. Ne5
Bxc2 41. Rxc2 Reg7 42. g4 Nxf4 43. exf4 Qxf4 44. Kh1 Qxd4 45. Re2 Qf4 46. Qh2
Qf1+ 47. Qg1 Qf6 48. Qd4 Rf8 49. Kh2 h5 50. gxh5 c5 51. Qd3 Qh4+ 52. Qh3 Qf4+
53. Kh1 Qc1+ 0-1

[Event "Gashimov Memorial-A 1st"]
[Site "Shamkir"]
[Date "2014.04.23"]
[Round "4"]
[White "Karjakin, Sergey"]
[Black "Mamedyarov, Shakhriyar"]
[Result "1/2-1/2"]
[WhiteElo "2772"]
[BlackElo "2760"]
[Annotator "Sumets,A"]
[PlyCount "52"]
[EventDate "2014.04.20"]
[EventType "tourn"]
[EventRounds "10"]
[EventCountry "AZE"]
[EventCategory "22"]
[SourceTitle "CBM 160"]
[Source "ChessBase"]
[SourceDate "2014.05.15"]
[SourceVersion "1"]
[SourceVersionDate "2014.05.15"]
[SourceQuality "1"]

1. e4 c6 2. d4 d5 3. e5 Bf5 4. Nf3 e6 5. Be2 c5 6. c3 Nc6 7. O-O cxd4 8. Nxd4
Nxd4 ({Black has another option:} 8... Nge7 9. Nxf5 Nxf5 10. Bd3 {a critical
position} g6 (10... Be7 11. Qe2 g6 12. Nd2 h5 13. Nf3 Nh4 14. Nxh4 Bxh4 15. f4
Be7 16. Be3 Qc7 17. Kh1 $14 {Sjugirov,S (2562)-Cheparinov,I (2679) Budva 2009
1-0 (33)}) 11. Qe2 Qc7 12. Re1 Bg7 13. Bf4 Nfe7 14. Nd2 h6 (14... O-O 15. Nf3
Rfe8 16. Rad1 $14) 15. Bg3 g5 16. c4 h5 17. cxd5 Nxd5 18. h3 O-O-O 19. Rac1 Kb8
20. Nb3 Qb6 21. Qf3 Nf4 22. Be4 Nxe5 23. Bxf4 gxf4 24. Qxf4 $14 {Kurnosov,I 
(2663)-Postny,E (2653) Biel 2012 1-0 (60)}) 9. cxd4 Ne7 10. Nc3 Nc6 ({In few
games Black has tried} 10... h6 11. Qb3 (11. Bb5+ {A harmless continuation.}
Nc6 12. Bxc6+ bxc6 13. Be3 Be7 14. Na4 O-O (14... Qa5 $5 15. Rc1 Qb5) 15. Rc1
Qa5 16. Rxc6 Rac8 17. Qc1 Rxc6 18. Qxc6 Bd3 19. Rc1 Bb5 20. Qc7 Qxa4 21. Qxe7
Qxa2 $11 {Carlsen,M (2776)-Anand,V (2791) Nice 2009 1/2 (38)}) 11... Qd7 12.
Be3 Nc6 13. Rfc1 Be7 14. Na4 O-O 15. Nc5 Bxc5 16. Rxc5 b6 17. Rc3 Na5 18. Qb4 (
18. Qb5 $5 Qb7 19. Qa6 Qe7 20. Rac1 Nc4 $8 21. Bxc4 dxc4 22. Qxc4 Rad8 23. Qa6
$14) 18... Rac8 19. Bb5 Qb7 20. Rac1 Nc4 $1 21. Bxc4 dxc4 22. Rxc4 Be4 $44 {
Adams,M (2722)-Laznicka,V (2683) Istanbul 2012 1/2 (30)}) 11. g4 (11. Be3 {
A solid option. First White wants to complete the development of his pieces
and then he'll attack. Up to this point, Black has no problem getting an equal
game in this line.} Be7 12. Rc1 (12. g4 Bg6 13. f4 f5 14. exf6 Bxf6 15. Bd3 (
15. f5 $6 exf5 16. gxf5 Bf7 17. Bf3 O-O $15) 15... Bxd3 16. Qxd3 O-O 17. Kh1
Qd7 18. Rae1 Rae8 19. Ne2 $11 {Zhigalko,A (2587)-Prohaszka,P (2501) Rijeka
2010 1-0 (69)}) 12... O-O 13. Na4 Rc8 14. Nc5 b6 15. Nd3 Na5 16. g4 Be4 17.
Rxc8 Qxc8 18. f3 Bg6 $6 (18... Nc4 $1 19. Bc1 Bg6 20. Nf4 Bb1 $1 $132) 19. Nf4
Bg5 $5 (19... Nc4 20. Nxg6 hxg6 21. Bc1 Qd7 22. f4 $14) (19... Qc6 20. Nxg6
hxg6) 20. Nxd5 Bxe3+ 21. Nxe3 Rd8 22. Qa4 $14 {Baklan,V (2610)-Berkes, F (2685)
Mamaia 2012 1/2 (38). Black doesn't have sufficient compensation for the
sacrificed pawn.}) 11... Bg6 12. f4 f5 $1 (12... Qd7 13. f5 exf5 14. h4 $1 fxg4
$2 (14... f6 15. e6 Qxe6 16. Bd3 Qd7 17. h5 Bf7 18. Bxf5 Qd8 19. Bf4 $44) 15.
Bxg4 Qd8 16. h5 Qh4 17. Kg2 Be4+ 18. Nxe4 dxe4 19. Bf4 $16 {Kosteniuk,A (2489)
-Soumya,S (2271) Istanbul 2012 1-0 (30)}) 13. exf6 Qxf6 14. f5 (14. Bb5 {
is not dangerous for Black} O-O-O 15. Bxc6 bxc6 16. Qa4 Kb7 17. Rf3 Be8 18. Bd2
g5 $2 (18... Bd6 19. Rc1 Ka8 20. Qa6 Rb8 21. Ne2 Qe7 {with better chances}) 19.
Rc1 h5 $2 20. Ne2 $6 $16 {Molchanova,T (2312)-Solovjova,V (2265) St Petersburg
2006 1-0 (29)} ({She could have won immediately after} 20. Nb5 $1 cxb5 21. Rc7+
Kxc7 22. Qxa7+ Kd6 (22... Kc8 23. Rc3+) 23. Bb4+ Kc6 24. Rc3+ Bc5 25. Rxc5+ Kd6
26. Rc7#)) 14... exf5 15. Be3 $146 ({Sergei Zhigalko has played} 15. Nxd5 Qxd4+
16. Be3 $8 Qxd1 17. Raxd1 O-O-O 18. gxf5 Bf7 19. Bc4 Bd6 20. f6 (20. Nb6+ axb6
21. Bxf7 Bc5 $11) 20... gxf6 21. Rxf6 Rhf8 $11 {Zhigalko,S (2660)
-Gagunashvili,M (2592) Legnica 2013 1/2 (50). It seems that Merab Gagunashvili
has shown a reliable way to get an equal game.}) 15... Bd6 {The most reliable
move which mostly leads to a forced draw.} ({If you want to continue fighting
you can try} 15... Rd8 $5 16. Bf3 Bf7 17. Bg2 g6 {The position is very
complicated, but even here opponents can make a quick draw after} 18. gxf5 gxf5
19. Qd3 (19. Qe2 Be7 20. Rae1 O-O 21. Qf2 Be6 22. Bf4 $44) 19... Be6 (19... Bg7
$5 20. Rxf5 Qg6 21. Qf1 O-O) 20. Rae1 Rg8 $1 {White is forced to put his king
on h1 so he can't take on d5 anymore} (20... Rd7 $2 21. Nxd5 $16) 21. Kh1 Rd7
22. Bh3 Rf7 23. Bg2 Rd7 24. Bh3 $11) 16. Nxd5 $8 Qh4 17. Bf4 $1 {It is
necessary to prevent the opponent from castling short.} (17. Rf2 $2 O-O 18. Nf4
Rae8 19. Nxg6 hxg6 20. Qd3 Re4 $1 $17) 17... Rd8 $1 (17... O-O-O {This move
seems to be a bit risky. For example} 18. Rc1 Bxf4 19. Nxf4 Kb8 20. Rxc6 $1
bxc6 21. Qb3+ Ka8 22. Ne6 Rc8 23. d5 $1 Qe7 24. gxf5 Bf7 25. dxc6 $40) (17...
Bxf4 18. Nxf4 O-O 19. Ne6 Rf6 20. Qe1 Qxe1 21. Raxe1 fxg4 22. Bxg4 $14) 18.
Bxd6 Rxd6 19. Nc7+ Kd8 20. Nb5 fxg4 $1 ({After} 20... Rd7 $5 21. d5 $1 Ne5 22.
gxf5 Bf7 23. d6 (23. Nc3 Kc8 24. Qd2 Kb8 25. Rad1 Rhd8 $44) 23... a6 24. Nc3
Qb4 {Black regains the pawn soon, the position might be evaluated as equal.})
21. Nxd6 {Sergey accepted a draw.} ({With} 21. Qb3 $5 {he could have tried to
continue the game.} Re8 $1 {The only move, now White has to play precisely.} (
21... Nxd4 22. Nxd4 Rxd4 23. Qc3 Rd7 24. Rad1 $1 $18) (21... Rd7 22. d5 Ne5 23.
Qa4 $1 Qh5 24. Qxa7 Nf3+ 25. Bxf3 gxf3 26. Qb6+ Kc8 (26... Ke8 27. Rae1+ Kf8
28. Qc5+ Kf7 29. Nd6+ $18) 27. Rac1+ $18) 22. Rf2 (22. Rfe1 $2 Rf6 23. Qg3
Qxg3+ 24. hxg3 Re3 $19) 22... Nxd4 23. Nxd4 g3 24. hxg3 Qxd4 25. Rd1 Qc5 26.
Rxd6+ Qxd6 27. Qxb7 Qxg3+ 28. Kf1 Qh3+ 29. Kg1 Qg3+ $11) 21... g3 $11 22. hxg3
Qxg3+ 23. Kh1 Qh3+ 24. Kg1 Qg3+ 25. Kh1 Qh3+ 26. Kg1 Qg3+ 1/2-1/2

[Event "Wch Rapid"]
[Site "Dubai"]
[Date "2014.06.16"]
[Round "2"]
[White "Milov, Vadim"]
[Black "Karjakin, Sergey"]
[Result "0-1"]
[WhiteElo "2622"]
[BlackElo "2771"]
[PlyCount "64"]
[EventDate "2014.06.16"]
[EventType "swiss (rapid)"]
[EventRounds "15"]
[EventCountry "UAE"]
[SourceTitle "CBM 160 Extra"]
[Source "ChessBase"]
[SourceDate "2014.07.01"]
[SourceVersion "1"]
[SourceVersionDate "2014.07.01"]
[SourceQuality "1"]

1. d4 Nf6 2. c4 e6 3. Nc3 Bb4 4. e3 O-O 5. Nge2 d5 6. a3 Be7 7. cxd5 exd5 8. b4
c6 9. Ng3 Be6 10. Bd3 Nbd7 11. O-O b5 12. Bd2 Nb6 13. Nce2 g6 14. Nf4 Bd6 15.
Bc2 Nc4 16. Bc3 Qc7 17. Nd3 Rae8 18. Nc5 Bg4 19. Qc1 h5 20. Re1 h4 21. Nf1 Ne4
22. Bxe4 dxe4 23. a4 Qe7 24. axb5 cxb5 25. Qb1 Bf3 26. gxf3 Qg5+ 27. Kh1 exf3
28. Ng3 hxg3 29. fxg3 f2 30. Re2 Bxc5 31. dxc5 Rxe3 32. Rxe3 Qxe3 0-1

[Event "Wch Blitz 8th"]
[Site "Dubai"]
[Date "2014.06.19"]
[Round "8"]
[White "Karjakin, Sergey"]
[Black "Fedoseev, Vladimir"]
[Result "1-0"]
[WhiteElo "2771"]
[BlackElo "2662"]
[PlyCount "91"]
[EventDate "2014.06.19"]
[EventType "swiss (blitz)"]
[EventRounds "21"]
[EventCountry "UAE"]
[SourceTitle "CBM 160 Extra"]
[Source "ChessBase"]
[SourceDate "2014.07.01"]
[SourceVersion "1"]
[SourceVersionDate "2014.07.01"]
[SourceQuality "1"]

1. e4 e6 2. d4 d5 3. Nd2 c5 4. exd5 exd5 5. Ngf3 Nc6 6. Bb5 Bd6 7. dxc5 Bxc5 8.
O-O Nge7 9. Nb3 Bb6 10. h3 O-O 11. Re1 Nf5 12. Bd3 Qd6 13. c3 Bd7 14. Qc2 g6
15. Bg5 Rfe8 16. Rad1 Rxe1+ 17. Rxe1 Rc8 18. Qd2 Be6 19. Bf4 Qd7 20. Ne5 Nxe5
21. Bxe5 Qd8 22. Bxf5 Bxf5 23. Nd4 Bd7 24. Qf4 Qe7 25. Re3 Re8 26. Bf6 Qf8 27.
Rxe8 Qxe8 28. Nf3 Bf5 29. g4 Be4 30. Ng5 Bd3 31. Nf3 Be4 32. Nd4 Bc5 33. Be5
Be7 34. Bf6 Bf8 35. f3 Bd3 36. Kf2 Qd7 37. Qb8 Qd6 38. Be5 Qb6 39. Kg3 f6 40.
Bc7 Qc5 41. Qxb7 Bd6+ 42. Bxd6 Qxd6+ 43. Kf2 Qh2+ 44. Ke3 Bc4 45. Qc8+ Kf7 46.
Qd7+ 1-0

[Event "Wch Blitz 8th"]
[Site "Dubai"]
[Date "2014.06.20"]
[Round "16"]
[White "Karjakin, Sergey"]
[Black "Maletin, Pavel"]
[Result "1/2-1/2"]
[WhiteElo "2771"]
[BlackElo "2588"]
[PlyCount "113"]
[EventDate "2014.06.19"]
[EventType "swiss (blitz)"]
[EventRounds "21"]
[EventCountry "UAE"]
[SourceTitle "CBM 160 Extra"]
[Source "ChessBase"]
[SourceDate "2014.07.01"]
[SourceVersion "1"]
[SourceVersionDate "2014.07.01"]
[SourceQuality "1"]

1. e4 c5 2. Nf3 e6 3. d4 cxd4 4. Nxd4 Nc6 5. Nc3 Qc7 6. Be2 a6 7. O-O Nf6 8.
Be3 Be7 9. f4 d6 10. a4 O-O 11. Bd3 Nb4 12. a5 Bd7 13. Nf3 Bc6 14. Bb6 Qc8 15.
Qe1 Nd7 16. Be3 Nc5 17. Bxc5 dxc5 18. Qe2 Qc7 19. Ne5 Rad8 20. Kh1 Bf6 21. Nxc6
Nxc6 22. e5 Be7 23. Ne4 c4 24. Nf6+ Bxf6 25. Bxh7+ Kxh7 26. Qh5+ Kg8 27. exf6
Rd5 28. f5 Qe5 29. fxg7 Qxg7 30. Ra3 Ne7 31. g4 Rfd8 32. Qh4 Rd1 33. Raf3 Rxf1+
34. Rxf1 Nc6 35. Qh5 Rd5 36. c3 Nxa5 37. Qh4 Nc6 38. fxe6 fxe6 39. Qf2 Rd8 40.
Qe2 Qg6 41. Qxc4 Rf8 42. Re1 Rf6 43. g5 Rf7 44. Qxe6 Qxe6 45. Rxe6 Re7 46. Rxe7
Nxe7 47. Kg2 Kg7 48. Kf3 Kg6 49. Kf4 Nd5+ 50. Ke4 Nb6 51. h4 Na4 52. b3 Nxc3+
53. Kd4 Nb5+ 54. Kc5 Na7 55. Kb6 Nc6 56. Kxb7 Na5+ 57. Kxa6 1/2-1/2

[Event "Baku FIDE GP"]
[Site "Baku"]
[Date "2014.10.10"]
[Round "8"]
[White "Karjakin, Sergey"]
[Black "Mamedyarov, Shakhriyar"]
[Result "1/2-1/2"]
[WhiteElo "2767"]
[BlackElo "2764"]
[PlyCount "78"]
[EventDate "2014.10.02"]
[EventType "tourn"]
[EventRounds "11"]
[EventCountry "AZE"]
[EventCategory "21"]
[SourceTitle "CBM 163"]
[Source "ChessBase"]
[SourceDate "2014.11.11"]
[SourceVersion "1"]
[SourceVersionDate "2014.11.11"]
[SourceQuality "1"]

1. d4 d5 2. c4 c6 3. Nf3 Nf6 4. Nc3 e6 5. e3 Nbd7 6. Qc2 a6 7. b3 Bd6 8. Bb2
Qe7 9. Be2 e5 10. cxd5 cxd5 11. dxe5 Nxe5 12. O-O O-O 13. Rfd1 Be6 14. Rac1
Rac8 15. Qb1 Rc7 16. h3 Rfc8 17. Qa1 Nxf3+ 18. Bxf3 Ba3 19. Ne2 Rxc1 20. Rxc1
Rxc1+ 21. Qxc1 Bxb2 22. Qxb2 Qd6 23. Qd4 Kf8 24. g4 h6 25. a4 b6 26. Kg2 Ke7
27. b4 Qc6 28. a5 bxa5 29. bxa5 Qb5 30. Qc3 Kd6 31. Nd4 Qc5 32. Qb2 Kc7 33. Nb3
Qb4 34. Qc2+ Kd6 35. Nd4 Bd7 36. Qa2 Bc8 37. Qc2 Bd7 38. Qa2 Bc8 39. Qc2 Ke5
1/2-1/2

[Event "WchT 10th"]
[Site "Tsaghkadzor"]
[Date "2015.04.28"]
[Round "9.2"]
[White "Sutovsky, Emil"]
[Black "Karjakin, Sergey"]
[Result "1/2-1/2"]
[WhiteElo "2623"]
[BlackElo "2757"]
[PlyCount "184"]
[EventDate "2015.04.19"]
[EventType "team-tourn"]
[EventRounds "9"]
[EventCountry "ARM"]
[SourceTitle "CBM 166"]
[Source "ChessBase"]
[SourceDate "2015.05.11"]
[SourceVersion "1"]
[SourceVersionDate "2015.05.11"]
[SourceQuality "1"]
[WhiteTeam "Israel"]
[BlackTeam "Russia"]
[WhiteTeamCountry "ISR"]
[BlackTeamCountry "RUS"]
[TimeControl "40/5400+30:1800+30"]

1. e4 e5 2. Nf3 Nc6 3. Bb5 a6 4. Ba4 Nf6 5. O-O Be7 6. Re1 b5 7. Bb3 d6 8. c3
O-O 9. d4 Bg4 10. Be3 Bh5 11. Nbd2 Na5 12. dxe5 dxe5 13. h3 Nxb3 14. Qxb3 Nd7
15. Qd5 Bd6 16. a4 Nf6 17. Qc6 Qe8 18. Qxe8 Rfxe8 19. Nh4 Nd7 20. Nf5 f6 21.
Nb3 Bf8 22. Na5 Bf7 23. Nc6 bxa4 24. Rxa4 Nb6 25. Raa1 Nc4 26. b4 Re6 27. Na5
Nxe3 28. Nxe3 Rc8 29. Nd5 c5 30. bxc5 Rxc5 31. c4 Re8 32. Reb1 Bg6 33. f3 f5
34. exf5 Bxf5 35. Re1 Bd3 36. Kh1 e4 37. Nf4 Rcc8 38. Nxd3 exd3 39. Red1 Re3
40. Rab1 Bd6 41. c5 Rxc5 42. Nb7 Rd5 43. Nxd6 Rxd6 44. Rb3 a5 45. Ra3 Rd5 46.
Kg1 Kf7 47. Kf2 Re2+ 48. Kf1 Re3 49. Kf2 Re2+ 50. Kf1 Re6 51. Rdxd3 Rxd3 52.
Rxd3 a4 53. Ra3 Ra6 54. Ke2 Ke6 55. Kd3 Kd5 56. Kc2 h5 57. Re3 Re6 58. Ra3 Ra6
59. Re3 Re6 60. Ra3 Rc6+ 61. Kb2 Ra6 62. Kc2 Ke5 63. g3 Kd4 64. Rd3+ Kc4 65.
Rd7 g6 66. Re7 a3 67. Re4+ Kd5 68. Kb1 Rb6+ 69. Ka2 Rb2+ 70. Kxa3 Rg2 71. g4
Rg3 72. Rf4 Ke5 73. Re4+ Kd5 74. Rf4 Rxh3 75. Kb2 Ke5 76. Re4+ Kf6 77. gxh5
gxh5 78. Kc2 Rxf3 79. Kd2 Kg5 80. Ke2 Rf8 81. Re7 h4 82. Rg7+ Kh5 83. Rh7+ Kg4
84. Rg7+ Kh3 85. Rg6 Kh2 86. Rg4 h3 87. Rg7 Ra8 88. Kf2 Ra2+ 89. Kf1 Rg2 90.
Rf7 Kh1 91. Rf3 h2 92. Rf8 Rg4 1/2-1/2

[Event "Khanty-Mansiysk FIDE GP"]
[Site "Khanty-Mansiysk"]
[Date "2015.05.16"]
[Round "3"]
[White "Karjakin, Sergey"]
[Black "Dominguez Perez, Leinier"]
[Result "1/2-1/2"]
[WhiteElo "2753"]
[BlackElo "2734"]
[PlyCount "60"]
[EventDate "2015.05.14"]
[EventType "tourn"]
[EventRounds "11"]
[EventCountry "RUS"]
[EventCategory "21"]
[SourceTitle "CBM 167"]
[Source "ChessBase"]
[SourceDate "2015.07.13"]
[SourceVersion "1"]
[SourceVersionDate "2015.07.13"]
[SourceQuality "1"]
[TimeControl "40/7200:20/3600:900+30"]

1. Nf3 {[%emt 0:00:03]} Nf6 {[%emt 0:00:10]} 2. g3 {[%emt 0:00:13]} d5 {
[%emt 0:00:27]} 3. Bg2 {[%emt 0:00:14]} e6 {[%emt 0:00:10]} 4. O-O {[%emt 0:01:
03]} Be7 {[%emt 0:00:15]} 5. d3 {[%emt 0:01:54]} O-O {[%emt 0:00:28]} 6. Nbd2 {
[%emt 0:00:03]} c5 {[%emt 0:00:10]} 7. e4 {[%emt 0:01:02]} Nc6 {[%emt 0:00:06]}
8. Re1 {[%emt 0:00:42]} b5 {[%emt 0:00:12]} 9. e5 {[%emt 0:00:36]} Nd7 {
[%emt 0:00:18]} 10. Nf1 {[%emt 0:00:31]} Bb7 {[%emt 0:01:42]} 11. h4 {[%emt 0:
13:35]} Qc7 {[%emt 0:00:37]} 12. Bf4 {[%emt 0:03:21]} Rfc8 {[%emt 0:01:12]} 13.
Ne3 $146 {[%emt 0:22:22]} (13. N1h2 Qd8 14. h5 h6 15. c3 a5 16. Qd2 d4 17. Ng4
dxc3 18. bxc3 Bf8 19. Nfh2 Rab8 20. Be4 b4 21. cxb4 axb4 22. Bxh6 gxh6 23.
Nxh6+ Bxh6 24. Qxh6 Ncxe5 25. Bh7+ Kh8 26. Bg6+ Kg8 27. Rxe5 Nxe5 28. Bh7+ Kh8
29. Be4+ Kg8 30. Bh7+ Kh8 31. Bg6+ Kg8 32. Bh7+ Kh8 33. Bg6+ Kg8 34. Bh7+ {
1/2-1/2 (34) Andreikin,D (2723)-Bukavshin,I (2618) Sochi 2015}) 13... Qd8 {
[%emt 0:05:31]} 14. Ng4 {[%emt 0:01:08]} Bf8 {[%emt 0:07:37] In the King's
Indian Attack, if White doesn't sacrifice anything on the kingside he has no
way of creating an advantage. Dominguez placed all of his pieces in such a way
that any sacrifice was basically impossible. The simplifications and opening
of the queenside slowly favored Black, but not by much.} 15. c4 {[%emt 0:18:11]
} Ne7 {[%emt 0:08:24]} 16. b3 {[%emt 0:06:50]} Bc6 {[%emt 0:06:18]} 17. h5 {
[%emt 0:06:37]} h6 {[%emt 0:02:55]} 18. Ne3 {[%emt 0:00:43]} Nb6 {[%emt 0:09:
30]} 19. Qe2 {[%emt 0:03:14]} bxc4 {[%emt 0:12:40]} 20. dxc4 {[%emt 0:02:09]}
dxc4 {[%emt 0:00:21]} 21. bxc4 {[%emt 0:00:47]} Na4 {[%emt 0:00:36]} 22. Qc2 {
[%emt 0:14:36]} Rab8 {[%emt 0:08:23]} 23. Reb1 {[%emt 0:00:39]} Qa5 {[%emt 0:
05:41]} 24. Rb3 {[%emt 0:00:26]} Nb6 {[%emt 0:02:08]} 25. Qe2 {[%emt 0:06:28]}
Nd7 {[%emt 0:03:32]} 26. Rab1 {[%emt 0:02:46]} Qc7 {[%emt 0:11:39]} 27. g4 {
[%emt 0:02:53]} Be4 {[%emt 0:03:15]} 28. Rxb8 {[%emt 0:01:07]} Rxb8 {[%emt 0:
01:48]} 29. Rxb8 {[%emt 0:00:01]} Qxb8 {[%emt 0:00:07]} 30. Nf1 {[%emt 0:00:38]
} Bc6 {[%emt 0:04:14] The final position is given as clear black advantage by
the engines, but to human eyes (at least mine) it looks like the position is
close to equal, maybe a very slight edge for Black.} 1/2-1/2